LEADER 02682nam 2200601Ia 450 001 9910461507403321 005 20200520144314.0 010 $a1-283-19212-8 010 $a9786613192127 010 $a0-567-01886-5 035 $a(CKB)2670000000107095 035 $a(EBL)743106 035 $a(OCoLC)745866728 035 $a(SSID)ssj0000523191 035 $a(PQKBManifestationID)12233038 035 $a(PQKBTitleCode)TC0000523191 035 $a(PQKBWorkID)10542682 035 $a(PQKB)10613864 035 $a(MiAaPQ)EBC743106 035 $a(Au-PeEL)EBL743106 035 $a(CaPaEBR)ebr10489940 035 $a(CaONFJC)MIL319212 035 $a(EXLCZ)992670000000107095 100 $a20050215e20042000 uy 0 101 0 $aeng 135 $aur|n|---||||| 181 $ctxt 182 $cc 183 $acr 200 14$aThe history of the Second Temple period$b[electronic resource] /$fPaolo Sacchi 210 $aLondon ;$aNew York $cT & T Clark$d2004 215 $a1 online resource (534 p.) 225 1 $aAcademic 300 $aTranslation of: Storia del secondo templo. 311 $a0-567-04450-5 320 $aIncludes bibliographical references (p. [496]-516) and indexes. 327 $aContents; Preface to the English Edition; Translator's Note; Abbreviations; Introduction; PART I: THE AGE OF EXILE; PART II: THE ZADOKITE PERIOD; PART III: PALESTINE FROM THE ADVENT OF SELEUCID DOMINATION TO THE DESTRUCTION OF THE SECOND TEMPLE; PART IV: THE THEMES OF MIDDLE JUDAISM; Bibliography; Index of References; Index of Authors 330 $aThis book represents the fruit of a long process of study and reflection, a powerful but subtle synthesis, by one of the most eminent scholars of Second-Temple Judaism. Far from a conventional narrative history, it is organized around themes and seeks to uncover the essence of Hebraic/Jewish religious thinking while confronting the phenomenon of its division into several 'parties' and traditions. Drawing also on recent studies of Christianity as a 'Judaism', Sacchi provides a stimulating perspective on the nature of ancient Oriental and Occidental thought and the intellectual and spiritual her 410 0$aAcademic 606 $aJews$xHistory$y586 B.C.-70 A.D 606 $aJudaism$xHistory$yPost-exilic period, 586 B.C.-210 A.D 608 $aElectronic books. 615 0$aJews$xHistory 615 0$aJudaism$xHistory 676 $a296.09014 700 $aSacchi$b Paolo$0434642 801 0$bMiAaPQ 801 1$bMiAaPQ 801 2$bMiAaPQ 906 $aBOOK 912 $a9910461507403321 996 $aThe history of the Second Temple period$91919465 997 $aUNINA LEADER 02332nam 22006014a 450 001 9910145420803321 005 20230617040307.0 010 $a1-281-31916-3 010 $a9786611319168 010 $a0-470-69398-3 010 $a0-470-69319-3 035 $a(CKB)1000000000405819 035 $a(EBL)351218 035 $a(OCoLC)437218506 035 $a(SSID)ssj0000180556 035 $a(PQKBManifestationID)11165554 035 $a(PQKBTitleCode)TC0000180556 035 $a(PQKBWorkID)10149903 035 $a(PQKB)11412398 035 $a(MiAaPQ)EBC351218 035 $a(Au-PeEL)EBL351218 035 $a(CaPaEBR)ebr10232804 035 $a(CaONFJC)MIL131916 035 $a(EXLCZ)991000000000405819 100 $a20040308d2004 uy 0 101 0 $aeng 135 $aur|n|---||||| 181 $ctxt 182 $cc 183 $acr 200 10$aIntelligence$b[electronic resource] $ea brief history /$fAnna T. Cianciolo, Robert J. Sternberg 210 $aMalden, MA $cBlackwell Pub.$d2004 215 $a1 online resource (186 p.) 225 1 $aBlackwell brief histories of psychology 300 $aDescription based upon print version of record. 311 $a1-4051-0824-X 311 $a1-4051-0823-1 320 $aIncludes bibliographical references (p. [141]-159) and index. 327 $aThe nature of intelligence -- The measurement of intelligence -- The teaching of intelligence -- The genetic and environmental bases of intelligence -- Group differences in intelligence. 330 $aIntelligence: A Brief History is a lively and accessible look at the origins of the field of intelligence. The book explores the nature and measurement of intelligence, examines approaches to teaching intelligence, and discusses individual and group differences in intelligence. Readers will receive an historical overview of the field as well as a good understanding of its major ideas. 410 0$aBlackwell brief histories of psychology. 606 $aIntellect$xHistory 615 0$aIntellect$xHistory. 676 $a153.9/09 700 $aCianciolo$b Anna T$0599557 701 $aSternberg$b Robert J$062274 801 0$bMiAaPQ 801 1$bMiAaPQ 801 2$bMiAaPQ 906 $aBOOK 912 $a9910145420803321 996 $aIntelligence$929473 997 $aUNINA LEADER 02748nam 2200577Ia 450 001 9910974876703321 005 20200520144314.0 010 $a9781438403151 010 $a1438403151 035 $a(CKB)2670000000233891 035 $a(OCoLC)42856053 035 $a(CaPaEBR)ebrary10588792 035 $a(SSID)ssj0000224017 035 $a(PQKBManifestationID)11213903 035 $a(PQKBTitleCode)TC0000224017 035 $a(PQKBWorkID)10202476 035 $a(PQKB)11081020 035 $a(MiAaPQ)EBC3408242 035 $a(DE-B1597)736061 035 $a(DE-B1597)9781438403151 035 $a(EXLCZ)992670000000233891 100 $a19871216d1989 ub 0 101 0 $aeng 135 $aurcnu|||||||| 181 $ctxt$2rdacontent 182 $cc$2rdamedia 183 $acr$2rdacarrier 200 14$aThe politics of interpretation $ealterity and ideology in Old Yiddish studies /$fJerold C. Frakes 205 $a1st ed. 210 $aAlbany, N.Y. $cState University of New York Press$dc1989 215 $a1 online resource e (xv, 283 pages) 300 $aBibliographic Level Mode of Issuance: Monograph 300 $aIncludes indexes. 311 0 $a9780887068454 311 0 $a0887068456 320 $aIncludes bibliographical references (p. 257-276) and index. 327 $aIntro -- Half Title Page -- Title Page -- Copyright Page -- Table Of Contents -- Preface -- Contents -- Alterity, Ideologies, and Old Yiddish -- The Names of Old Yiddish -- Alterity, Accessibility, Audience, Alphabet: On Editing Old Yiddish Texts -- The New Paradigm(s) -- Back Matter -- Appendix -- Notes -- Bibliography -- Author-Title Index -- General Index -- Scholar Index. 330 $aThis study examines the critical ideologies that have shaped the perception, reception, and projection of Old Yiddish during the course of the past century. The first critical, historical survey of the history of scholarship in the field, it confronts the assumptions underlying the research-assumptions of cultural identity and the value of the literature of that culture. It documents the pervasive denial that Yiddish is a language and that Yiddish literature is intrinsically valuable, or the assertion that this literature is German and a product of German culture. 606 $aYiddish philology$xHistoriography 606 $aYiddish literature$xHistory and criticism 615 0$aYiddish philology$xHistoriography. 615 0$aYiddish literature$xHistory and criticism. 676 $a437/.947 700 $aFrakes$b Jerold C$0155940 801 0$bMiAaPQ 801 1$bMiAaPQ 801 2$bMiAaPQ 906 $aBOOK 912 $a9910974876703321 996 $aThe politics of interpretation$94344858 997 $aUNINA